|
|
|
|
| LEADER |
00000nas a22000007i 4500 |
| 001 |
ssj0001454346 |
| 003 |
WaSeSS |
| 005 |
20200512172242.0 |
| 006 |
m d |
| 007 |
cr n |
| 008 |
141212c20159999paumx p s 0 a0eng |
| 010 |
|
|
|a 2015203086
|
| 022 |
|
|
|a 2381-6929
|y 2376-5828
|
| 032 |
|
|
|a 023734
|b USPS
|
| 035 |
|
|
|a (WaSeSS)ssj0001454346
|
| 037 |
|
|
|b 1500 Spring Garden St., Ste. 1200, Philadelphia, PA 19130
|
| 040 |
|
|
|a DLC
|b eng
|c CUD
|d DLC
|d OCLCF
|d OCLCQ
|d DKU
|d OCLCO
|d WaSeSS
|
| 042 |
|
|
|a pcc
|a nsdp
|
| 082 |
0 |
0 |
|a 658.15
|2 23
|
| 222 |
|
0 |
|a Nonprofit pro
|b (Online)
|
| 245 |
0 |
0 |
|a Nonprofit pro
|h [electronic resource].
|
| 246 |
1 |
|
|a PRO
|
| 260 |
|
|
|a Philadelphia, PA :
|b North American Publishing Company
|
| 310 |
|
|
|a Ten times per year
|
| 506 |
|
|
|a License restrictions may limit access.
|
| 538 |
|
|
|a Mode of access: World Wide Web.
|
| 588 |
|
|
|a Description based on: Vol. 13, No. 1 (Jan./Feb. 2015); title from ABI/INFORM (ABI/INFORM website, viewed October 28, 2015).
|
| 588 |
|
|
|a Latest issue consulted: Vol. 13, No. 5 (June 2015) (viewed October 28, 2015).
|
| 650 |
|
0 |
|a Fund raising
|v Periodicals.
|
| 650 |
|
0 |
|a Nonprofit organizations
|x Finance
|v Periodicals.
|
| 655 |
|
0 |
|a Electronic journals.
|
| 776 |
0 |
8 |
|i Print version:
|t Nonprofit pro
|x 2376-5828
|w (DLC) 2014271435
|w (OCoLC)898075118
|
| 780 |
0 |
0 |
|t Fundraising success
|w (OCoLC)190845406
|
| 856 |
4 |
0 |
|z Full text available from Research Library: 08/01/2007 to present
|u https://search.proquest.com/publication/28357
|